000 00742nam a2200217Ia 4500
003 GCL
005 20240530105354.0
008 140319s9999 xx 000 0 ara d
040 _aGCL /
_cGCL
082 0 4 _a419
_bش ك
100 1 _aشعبان عبدالعزيز خليفة
245 1 0 _aالكتابة العربية فى رحلة النشوء والارتقاء /
_cشعبان عبدالعزيز خليفة
260 _a[S.N] :
_bالعربى للنشر والتوزيع
300 _a243
490 _aدراسات فى الكتب والمعلومات
_v0
650 0 4 _aالعلم
650 0 4 _aالكتابة
650 0 4 _aالكتابة العربية
650 0 4 _aالكتابة الهيروغليفية
942 _2ddc
_cBK
999 _c55403
_d55403